Équipe d'Argentine à la Coupe du monde 2022 - Statistiques

Statistiques générales
  • Ce quiz a été pris 100 fois
  • Le résultat moyen est 18 sur 27
Statistiques - réponses
Poste Numéro Club Joueur % Correct
Gardien 23 Aston Villa Emiliano Martínez
95%
Attaquant 22 Inter Milan Lautaro Martínez
95%
Défenseur 25 Manchester United Lisandro Martínez
94%
Attaquant 10 Paris Saint-Germain Lionel Messi
93%
Attaquant 11 Juventus FC Ángel Di María
90%
Attaquant 9 Manchester City Julián Álvarez
90%
Milieux 7 Atlético de Madrid Rodrigo De Paul
84%
Attaquant 21 As Rome Paulo Dybala
83%
Défenseur 3 Olympique lyonnais Nicolás Tagliafico
82%
Milieux 20 Brighton & Hove Albion Alexis Mac Allister
81%
Milieux 24 SL Benfica Enzo Fernández
81%
Défenseur 13 Tottenham Hotspur Cristian Romero
77%
Milieux 5 Juventus FC Leandro Paredes
75%
Défenseur 8 Séville FC Marcos Acuña
70%
Attaquant 15 Atlético de Madrid Angel Correa
66%
Défenseur 19 SL Benfica Nicolás Otamendi
65%
Défenseur 4 Séville FC Gonzalo Montiel
60%
Défenseur 26 Atlético de Madrid Nahuel Molina
59%
Gardien 12 Villarreal CF Gerónimo Rulli
55%
Sélectionneur / / Lionel Scaloni
52%
Défenseur 2 Villarreal CF Juan Foyth
51%
Milieux 14 Bayer Leverkusen Exequiel Palacios
43%
Gardien 1 River Plate Franco Armani
43%
Milieux 17 Séville FC Papu Gómez
42%
Milieux 18 Real Betis Balompié Guido Rodríguez
33%
Milieux 16 Atlanta United Thiago Almada
32%
Défenseur 6 Real Betis Balompié Germán Pezzella
24%
Aucun quiz correspondant
Distribution des résultats
% des personnes avec chaque résultat
Percentile par nombre de réponses
Votre historique - résultats
Vous n’avez pas pris ce quiz